01103nam a2200265 a 450000100100000000500170001000800410002702000150006802000150008302000150009804000250011308200140013810000370015224501400018926001600032930000210048949000260051049000310053650000340056750000370060183000320063883000380067095201120070899900170082000004186820201002035812.0131014s2005 sp 001 0 spa d a8447208265 a8400083083 a8477982074 aDO-SdBNPbspacBNPHU axxxxbxxx1 aRueda Ramírez, Pedro J.96875510aNegocio e intercambio cultural :bel comercio de libros con América en la Carrera de Indias (siglo XVII) /cPedro J. Rueda Ramírez. aSevilla, :bSecretariado de Publicaciones de la Universidad de SevillabConsejo Superior de Investigaciones Científicas,bDiputación de Sevilla,c2005. a524 p. ;c24 cm.1 aNuestra Américav161 aHistoria y geografíav99 aIncluye índice Onomástico aIncluye notas al pie de página 0aNuestra Américav1694552 0aHistoria y geografíav99968390 001050718MOaGRbGRcCTd2013-10-18iLF1l0oxxxx xxxp41868-10r2020-06-25w2020-06-25y1ZNo se presta c41357d41357